000 01781nam a2200517 i 4500
001 51408
003 KOSZ 005
005 20240405063158.0
008 041025s2004 pl a f |000 0 pol
015 _aUWD 2004/19873
020 _a8386897856
035 _a991025166219705066
035 _a(PL-WaBN)b1686508x-48omnis_nlop
035 _ab1686508x
035 _a(OCoLC)831143923
035 _a(PL)b0000001686508
035 _a(EXLNZ-48OMNIS_NETWORK)9910233421205606
040 _aWA N
_cWA N
_dKOSZ 005/HR
041 0 _apol
046 _k2004
080 _a336.763(438)"1989/..."
080 _a(07)
100 1 _aThiel, Stanisław
_eAutor
245 1 0 _aAkcje i obligacje korporacyjne w publicznym obrocie papierami wartościowymi /
_coprac. publ. Stanisław Thiel i Tomasz Zwoliński ; Komisja Papierów Wartościowych i Giełd.
250 _aWyd. 2 zaktualiz., stan prawny na dzień 30 sierpnia 2004 roku.
260 _aWarszawa :
_bKPWiG,
_c2004.
300 _a232 s. :
_bil., tys., tab. ;
_c21 cm.
336 _aTekst
_btxt
_2rdacontent
337 _aBez urządzenia pośredniczącego
_bn
_2rdamedia
338 _aWolumin
_bnc
_2rdacarrier
380 _aKsiążki
388 _a2001-
648 _a1901-2000
648 _a1989-2000
648 _a2001-
650 7 _aAkcje (ekonomia)
_2DBN
650 7 _aEmisja papierów wartościowych
_2DBN
650 7 _aObligacje
_2DBN
651 _aPolska
655 7 _aPodręcznik
_2DBN
658 _aGospodarka, ekonomia, finanse
700 1 _aZwoliński, Tomasz
_c(prawnik)
_eAutor
856 _uhttp://koha.tu.koszalin.pl/cgi-bin/koha/opac-detail.pl?biblionumber=51408
_yKatalog online BPK
942 _2UKD
_cKS
999 _c51408
_d51408